| 000 | 01122cam a22003614i 4500 | ||
|---|---|---|---|
| 001 | 13889003 | ||
| 003 | CO-MdFUSB | ||
| 005 | 20220217144727.0 | ||
| 008 | 050304m20062012miu g b 000 0 eng | ||
| 020 |
_a9780310234975 _qVol. 5 |
||
| 020 |
_a9780310235002 _qVol. 10 |
||
| 040 |
_aDLC _cCO-MdFUSB _dCO-MdFUSB _bspa _erda |
||
| 041 | _aeng | ||
| 042 | _apcc | ||
| 082 | 0 | 0 |
_224 _a220.7 _bEX96e |
| 245 | 0 | 4 |
_aThe Expositor's Bible commentary _c/ editado por Tremper Longman III , David E. Garland, |
| 250 | _aedición revisada | ||
| 264 | 1 |
_aGrand Rapids, Mich. : _bZondervan, _c℗2006-2012. |
|
| 300 |
_avolúmenes 5; 10 ; _c24 cm. |
||
| 336 |
_2rdacontent _atexto _btxt |
||
| 337 |
_2rdamedia _asin mediación _bn |
||
| 338 |
_2rdacarrier _avolumen _bnc |
||
| 490 | 4 | _aThe Expositor's Bible commentary | |
| 505 | _aVolumen 5. Psalms -- Volumen 10. Luke-Acts | ||
| 563 | _aTapa dura | ||
| 630 | 0 | 7 |
_aBiblia _vComentarios |
| 700 | 1 |
_aLongman, Tremper. _eeditor |
|
| 700 | 1 |
_aGarland, David E. _eeditor |
|
| 942 | _cREF | ||
| 945 | _aJTF-925 | ||
| 999 |
_c64545 _d64545 |
||